000
00334nam a2200133Ia 4500
008
240624s9999 xx 000 0 und d
041
_a
eng
082
_a
823 CHU
100
_a
CHUA AMY
245
_a
BATTLE HYMN OF THE TIGER MOTHER
260
_c
2011
_a
London
_b
Bloomsbury Publication
300
_a
247p. : cm. ; 20
365
_c
RS
_b
25
999
_c
19847
_d
19847